Länderformen zu Kontinent Klick Quiz - Statistiken

Allgemein
  • Dieses Quiz wurde 233 mal gespielt
  • Das Durchschnittsergebnis liegt bei 13 aus 18
Antwortstatistiken
Hint Antwort % Korrekt
Europa
86%
Afrika
85%
Europa
83%
Afrika
82%
Nordamerika
82%
Asien
81%
Asien
81%
Ozeanien
81%
Asien
80%
Europa
79%
Südamerika
79%
Afrika
78%
Nordamerika
71%
Südamerika
71%
Ozeanien
65%
Ozeanien
63%
Nordamerika
59%
Südamerika
39%
Keine übereinstimmenden Quizze gefunden
Verteilung der Resultate
Anzahl Personen mit jedem Resultat
Perzentil nach korrekt beantworteten Fragen
Ihre Resultats-Entwicklung
Sie haben dieses Quiz noch nicht gespielt